Chronological Order of the MCU! - Statistics

General Stats
  • This quiz has been taken 50 times
  • The average score is 34 of 58
Answer Stats
Year (Came Out) Answer % Correct
2011 Captain America: The First Avenger
95%
2008 Iron Man
93%
2012 The Avengers
90%
2008 The Incredible Hulk
90%
2011 Thor
90%
2010 Iron Man 2
88%
2013 Iron Man 3
88%
2019 Captain Marvel
85%
2014 Guardians Of The Galaxy
85%
2015 Avengers: Age Of Ultron
83%
2017 Spider-Man: Homecoming
83%
2019 Avengers: Endgame
80%
2015 Ant-Man
78%
2018 Avengers: Infinity War
78%
2019 Spider-Man: Far From Home
78%
2017 Thor: Ragnarok
78%
2016 Captain America: Civil War
75%
2014 Captain America: The Winter Soldier
73%
2016 Doctor Strange
73%
2017 Guardians Of The Galaxy Vol. 2
73%
2018 Black Panther
70%
2013 Thor: The Dark World
70%
2018 Ant-Man And The Wasp
65%
2021- WandaVision Season 1
65%
2013-2014 Agents Of SHIELD Season 1
55%
2014-2015 Agents Of SHIELD Season 2
55%
2015-2016 Agents Of SHIELD Season 3
55%
2016-2017 Agents Of SHIELD Season 4
55%
2017-2018 Agents Of SHIELD Season 5
55%
2018-2019 Agents Of SHIELD Season 6
55%
2020 Agents Of SHIELD Season 7
55%
2014-2015 Agent Carter Season 1
50%
2015-2016 Agent Carter Season 2
50%
2015 Daredevil Season 1
50%
2016 Daredevil Season 2
50%
2017 Daredevil Season 3
50%
2018 Daredevil Season 4
50%
2021- Falcon And The Winter Soldier Season 1
48%
2015 Jessica Jones Season 1
48%
2016 Jessica Jones Season 2
48%
2017 Jessica Jones Season 3
48%
2019 Jessica Jones Season 4
48%
2016 Luke Cage Season 1
48%
2017 Luke Cage Season 2
48%
2018 Luke Cage Season 3
48%
2017 The Defenders Season 1
45%
2017 Iron Fist Season 1
43%
2018 Iron Fist Season 2
43%
2017 The Punisher Season 1
38%
2018 The Punisher Season 2
38%
2019 The Punisher Season 3
38%
2017 The Inhumans Season 1
35%
2017 The Runaways Season 1
35%
2018-2019 The Runaways Season 2
35%
2019-2020 The Runaways Season 3
35%
2018 Cloack And Dagger Season 1
33%
2019-2020 Cloak And Dagger Season 2
33%
2020-2021 Helstrum Season 1
3%
No matching quizzes found
Score Distribution
Percent of People with Each Score
Percentile by Number Answered
Your Score History
You have not taken this quiz